FRIENDS and Lovers Quiz Stats

 Plays Quiz Updated Oct 30, 2018

Score 0/43 Timer 10:00
6 Plays Today
Hint Person % Correct
Chandler broke up with me multiple times. He wanted me to try and make my marriage work.Janice
78.3%
Ross broke up with me because I wasn't Rachel.Julie
76.2%
Losing Monica was the worst mistake of my life. I was still in love with her long after our break-up.Richard Burke
72.5%
I broke up with Rachel because she was moving too fast... and the wedding dress thing was pretty freaky.Joshua
69.1%
Ross and I got a divorce because I couldn't trust him.Emily Waltham
67%
Ross and I didn't work out because, as it turns out, I'm a lesbian.Carol Willick
63.1%
Phoebe and I broke up because I didn't want to get married. I realized I still loved her later.Mike Hannigan
62.7%
Phoebe and I fizzled out over a period of about 10 years. I really shouldn't have gone to Minsk.David
61.2%
Raquel and me... no more. Phoebe has nice... how do you say... butt?Paolo
55.2%
Monica couldn't stand to watch me get hurt. I just wanted to be the Ultimate Fighting Champion.Pete Becker
50.2%
Monica and I decided to just be friends, I thought she had a drinking problem.Fun Bobby
47.2%
Ross wasn't very attentive to me during our relationship, and he kept keeping things from me. He wouldn't even let me keep his pink shirt.Mona
46.7%
Ross thought I was too immature for him. He sucks.Elizabeth Stevens
44.4%
Rachel broke it off with me because we were in different places. The age difference was a big thing.Tag Jones
42.3%
Chandler and I didn't work out because he thought I slept with someone else and didn't call me, so then I did sleep with someone else.Kathy
40.6%
Rachel wanted me to open up to her... and then when I told her about chicken boy, I just couldn't stop crying.Paul Stevens
39.8%
Joey and I didn't work out because we had nothing in common.Charlie Wheeler
39.6%
Rachel stopped seeing me because I reminded her of someone. Her friends said it was Bob Saget.Russ
39.3%
Ross and I didn't work out because I was still in love with my ex.Charlie Wheeler
37.4%
Rachel was a little freaked out by my sister and I. But, we're just really close, honestly!Danny
36.5%
Joey and I didn't work out because I fell for someone else.Kathy
35.5%
Joey and I couldn't be together because I couldn't stand Monica and Chandler.Janine
35.2%
Hint Person % Correct
Rachel and I didn't work because she didn't love me... but I told everyone it was because she had syphilis.Barry Farber
33.3%
Phoebe and I didn't work out, I shot a bird.Gary
32.2%
Ross and I didn't really date... just had a one night stand, that probably ended up being the worst mistake he ever made. Eh, I got a watch out of the whole fiasco.Chloe
30.7%
I reminded Monica of my father. It was emotionally scarring.Timothy Burke
26.8%
Monica broke up with me because I lied about my age, and it was 'icky.'Ethan
26.5%
Joey threw my prosthetic leg in the fire.Ginger
26%
Rachel and I didn't work because she wasn't over Ross.Mark Robinson
25.1%
Phoebe couldn't stand to be around me, I guess I just had a much too positive outlook on life.Parker
24.3%
I couldn't get over Chandler's... 'nubbin.'Ginger
23.2%
I left Joey because I got a part on General Hospital in L.A.Kate Miller
22.8%
Ross broke up with me because he was still in love with Rachel. He was nice enough, however, to call me a taxi.Bonnie
20.2%
I didn't really date Chandler, I just pretended to be into him to get him naked in public.Susie Underpants
20.1%
I broke up with Joey because I'm kinda of a loner.Erin
14.7%
Ross and I didn't work out because he couldn't stand to be in my apartment.Cheryl
14.4%
I really liked Joey, I'm not sure what went wrong, all the sudden his friend Rachel just kicked me and he didn't do a thing about it! I had to leave after that.Katie
12.7%
Joey and Ross lost me at gonorrhea.Kristen Lang
12.1%
Chandler didn't want to share me... with three other men.Aurora
11.1%
Phoebe and I didn't keep seeing each other because she thought I was creepy, and apparently they all just really hated me.Roger
10.2%
Joey and I didn't work out because I'm pretty much a flake.Ursula Buffay
9.7%
Phoebe and I didn't work because I was still obsessed with Ursula.Malcolm
8.6%
Phoebe stopped seeing me because I kept falling out of my shorts.Robert
5.5%

You're not logged in!

Compare scores with friends on all Sporcle quizzes.
OR
Log In

Sporcle TV

Today on Sporcle TV


Watch our educational content, quiz creation guides, and fun videos on Sporcle TV.

Show Comments

Extras

Top Quizzes Today


Score Distribution

Your Account Isn't Verified!

In order to create a playlist on Sporcle, you need to verify the email address you used during registration. Go to your Sporcle Settings to finish the process.

Report this User

Report this user for behavior that violates our Community Guidelines.

Details: